01090nam a22002894a 4500001001200000003000800012006001900020007001500039008004100054010001700095020002300112040002100135035002100156050002600177082001600203100002100219245009300240260004800333300002300381500002000404533015200424650002900576650002300605655002900628710001700657856012600674ebr10114143CaPaEBRm u cr cn|||||||||040827s2005 njua s 001 0 eng  z 2004019939 z0471356425 (cloth) aCaPaEBRcCaPaEBR a(OCoLC)22812507714aHF5681.S8bB73 2005eb04a657/.722221 aBragg, Steven M.10aInventory accountingh[electronic resource] :ba comprehensive guide /cSteven M. Bragg. aHoboken, N.J. :bJohn Wiley & Sons,cc2005. axi, 243 p. :bill. aIncludes index. aElectronic reproduction.bPalo Alto, Calif. :cebrary,d2013.nAvailable via World Wide Web.nAccess may be limited to ebrary affiliated libraries. 0aInventoriesxAccounting. 0aInventory control. 7aElectronic books.2local2 aebrary, Inc.40uhttp://site.ebrary.com/lib/rucke/Doc?id=10114143zAn electronic book accessible through the World Wide Web; click to view